| 000 | 00397nam a2200169Ia 4500 | ||
|---|---|---|---|
| 001 | 5673 | ||
| 003 | IN-NITTTR | ||
| 005 | 20251114233011.0 | ||
| 008 | 251113s9999||||xx |||||||||||||| ||eng|| | ||
| 040 | _beng | ||
| 040 | _cIN-NITTTR | ||
| 041 | _aeng | ||
| 082 | _a539.7 S52I | ||
| 100 | _aSemat, Henry | ||
| 245 | 0 |
_aIntroduction to atomic and nuclear physics. / _cSemat, Henry |
|
| 942 |
_2ddc _cBK |
||
| 999 |
_c8310 _d8310 |
||